Zákon o správnych poplatkoch s komentárom
Zákon č. 145/1995 Z.z. o správnych poplatkoch v znení ďalších zákonov ... a zákonov č. 405 a 408/2008 Z.z. Úplné znenie zákona s komentárom. Obvody v pôsobnosti daňových úradov v SR.
Salvato in:
| Autore principale: | |
|---|---|
| Natura: | Capitolo di libro |
| Lingua: | slovacco |
| Soggetti: | |
| Tags: |
Nessun Tag, puoi essere il primo ad aggiungerne!!
|
MARC
| LEADER | 00000naa$a2200000$$$4500 | ||
|---|---|---|---|
| 001 | 0088517 | ||
| 005 | 20231120082735.4 | ||
| 041 | 0 | |a slo | |
| 044 | |a SK | ||
| 245 | 1 | 0 | |a Zákon o správnych poplatkoch s komentárom |c Edmund Horváth |
| 520 | |a Zákon č. 145/1995 Z.z. o správnych poplatkoch v znení ďalších zákonov ... a zákonov č. 405 a 408/2008 Z.z. Úplné znenie zákona s komentárom. Obvody v pôsobnosti daňových úradov v SR. | ||
| 610 | 2 | 0 | |a poplatky správne |
| 610 | 2 | 0 | |a zákony |
| 610 | 2 | 0 | |a komentáre |
| 610 | 2 | 0 | |a Slovensko |
| 610 | 2 | 0 | |a 1995-2008 |
| 100 | 1 | |a Horváth, Edmund | |